000 00683nam a22001937a 4500
003 BD-DhUL
005 20171109155308.0
008 171109s ua ||||| |||| 00| 0 ara d
040 _aBD-DhUL
_cBD-DhUL
082 _a920
_bMAM
100 0 _aابوالحسن علی بن الحسین المسعودی۔
245 0 _aمروج الذھب ومعادن الجوھر :
_bجلد ۱-۲ /
_cابوالحسن علی بن الحسین المسعودی۔
246 _aMurūj al-Dhahab wa-Mu'adin al-Jawhar
250 _a۱ ط۔
260 _aمصر :
_bالمطبعة الازھریة،
_c۱۳۰۳۔
300 _aجلد ۱-۲ ؛
_c۲۷ سم۔
650 0 _aBiography.
942 _2ddc
_cBK
999 _c231876
_d231876